000 00790cab a2200229 4500
001 ABS47118
008 090401t1992 xxu||||| |||| 00| 0 eng d
035 _a(Sirsi) u60879
041 _aeng
100 _aHall, P.
245 _aLearning lessons from Docklands
260 _c1992
350 _a0
490 _aPlanning in London
_v(3) September 1992, 10-11(2)
520 _aAn edited extract of the author`s speech presented to the 1992 annual conference of the Royal Town Planning Institute comparing the badly planned London Docklands with the carefully articulated planning of Milton Keynes.
650 _aLONDON DOCKLANDS
650 _aMILTON KEYNES
650 _aROYAL TOWN PLANNING INSTITUTE
690 _aPLANNING LAW AND PRACTICE
942 _n0
948 _c04/03/1997
999 _c37642
_d37642